000 00341cam a2200169ua 4500
001 2886
008 150512n ii |||gr||||Z||||||eng
040 _aMAIN
041 _aEnglish
082 _bBAS
100 _aBasu S,N.
245 _aIncome Tax
250 _a17th ed.
260 _aLudhiana:
_bKalyani.
300 _a547.
942 _cBK
999 _c2882
_d2882